Integración de autentificación en servicio de correo electrónico y aulas virtuales del sistema nacional de inversión pública SNIP
Presenta una propuesta para proteger las cuentas en línea, los sitios web están haciendo uso de diferentes métodos de autentificación con la ayuda de factores que complementan la autentificación simple.
| Main Author: | |
|---|---|
| Other Authors: | |
| Format: | Tesis Section = Libro |
| Language: | Undetermined Spanish |
| Published: |
Managua
UNI
2018
|
| Subjects: |
| LEADER | 01092nam a2200265Ia 4500 | ||
|---|---|---|---|
| 008 | 240830s9999 xx 000 0 und d | ||
| 040 | |a BIBLIOTECA-RUSB/ Mon 004.019 L318 | ||
| 041 | |a spa | ||
| 082 | |a Mon 004.019 L318 | ||
| 100 | 1 | |a Lara López, Marbely de los Ángeles | |
| 245 | 1 | 0 | |a Integración de autentificación en servicio de correo electrónico y aulas virtuales del sistema nacional de inversión pública SNIP |
| 260 | |a Managua |b UNI |c 2018 | ||
| 300 | |a 97 p. :il. | ||
| 500 | |a Contiene anexos y CD. | ||
| 502 | |a Tesis (Ingeniero en Computación) - UNI, 2018. | ||
| 520 | 3 | |a Presenta una propuesta para proteger las cuentas en línea, los sitios web están haciendo uso de diferentes métodos de autentificación con la ayuda de factores que complementan la autentificación simple. | |
| 650 | 7 | |a SOFTWARE- SEGURIDAD WEB | |
| 650 | 7 | |b PLATAFORMA DE INTEGRACION | |
| 650 | 7 | |c BASES DE DATOS | |
| 650 | 7 | |d SISTEMAS INFORMATICOS | |
| 650 | 7 | |e INFORMATICA | |
| 700 | 1 | |a Tutor: |b Traña Obando, Nestor Antonio | |
| 942 | |c BK |2 ddc | ||
| 991 | |a TESIS | ||
| 999 | |c 19614 | ||